Warrior Cats: Bluestar - Statistics

General Stats
  • This quiz has been taken 554 times
  • The average score is 7 of 11
Answer Stats
Hint Answer % Correct
What was her warrior name Bluefur
93%
Who was her actual mate Oakheart
90%
Who was her sister Snowfur
89%
Who was her son Stonefur
89%
Who was her mother Moonflower
81%
Who was her nephew Whitestorm
70%
Who was her father Stormtail
65%
Who was her thought to be mate Thrushpelt
65%
Who were her daughters Mistystar, Mosskit
29%
What was her original name Moonstar
19%
Who was her sister's mate Thisleclaw
14%
No matching quizzes found
Score Distribution
Percent of People with Each Score
Percentile by Number Answered
Your Score History
You have not taken this quiz